Vstup do problematiky environmentálnych foresightov v kontexte trvalej udržateľnosti

Parciálna identifikácia vybraných problémových oblastí trvalej udržateľnosti. Biodiverzita, ľudský rozvoj a trvalá udržateľnosť. Emisie CO2 a trvalá udržateľnosť. Ekologicky orientované foresighty.

Gespeichert in:
Bibliographische Detailangaben
1. Verfasser: Jemala, Marek
Weitere Verfasser: Jemala, Ľubomír
Format: Buchkapitel
Sprache:Slowakisch
Schlagworte:
Tags: Tag hinzufügen
Keine Tags, Fügen Sie das erste Tag hinzu!

MARC

LEADER 00000naa a2200000 4500
001 0183409
005 20231013085231.4
041 0 |a slo 
044 |a SK 
245 1 0 |a Vstup do problematiky environmentálnych foresightov v kontexte trvalej udržateľnosti  |c Marek Jemala, Ľubomír Jemala 
520 |a Parciálna identifikácia vybraných problémových oblastí trvalej udržateľnosti. Biodiverzita, ľudský rozvoj a trvalá udržateľnosť. Emisie CO2 a trvalá udržateľnosť. Ekologicky orientované foresighty. 
610 2 0 |a politika environmentálna 
610 2 0 |a rozvoj trvalo udržateľný 
610 2 0 |a plánovanie 
610 2 0 |a ochrana prostredia životného 
610 2 0 |a zodpovednosť spoločenská 
100 1 |a Jemala, Marek 
700 1 |a Jemala, Ľubomír